Explicaciones sobre el desarrollo humano

Saved in:
Bibliographic Details
Main Author: Fernández Lópiz, Enrique (Author)
Format: Book
Language:Spanish
Published: Madrid Pirámide 2000
Series:Colección Psicología
Subjects:
Tags: Add Tag
No Tags, Be the first to tag this record!

MARC

LEADER 00000nam a2200000 a 4500
001 UCO3904
003 CL-VaPUC
008 000728e20000000SP |||||||||||||||||spa|d
082 0 4 |a 155.7  |b FER  |2 21 
100 0 |a Fernández Lópiz, Enrique  |e author  |9 447934 
245 1 0 |a Explicaciones sobre el desarrollo humano 
300 |a 291 p 
942 |c BK 
945 |d 20000728 00:00:00  |a rbrito 
260 |a Madrid  |b Pirámide  |c 2000 
650 0 |a Psicología evolutiva   |9 271069 
650 0 |a Cognición   |9 270347 
650 0 |a Inteligencia  |9 267038 
650 0 |a Interacción social   |9 307764 
650 0 |a Psicoanálisis   |9 265702 
583 |a last modification  |c 20000728 00:00:00  |k Rodrigo Vera 
490 0 |a Colección Psicología 
999 |c 290021  |d 290019 
952 |0 0  |1 0  |4 0  |6 155_700000000000000_FER_2000  |7 0  |8 A  |9 339131  |a BIBEDU  |b BIBEDU  |d 2019-11-20  |i 3630684  |o 155.7 FER 2000  |p 3630684  |r 2019-11-20  |w 2019-11-20  |y BK  |k PSI 
952 |0 0  |1 0  |4 0  |6 155_700000000000000_FER_2000  |7 0  |8 A  |9 339132  |a BIBEDU  |b BIBEDU  |d 2019-11-20  |i 3730956  |o 155.7 FER 2000  |p 3730956  |r 2019-11-20  |w 2019-11-20  |y BK  |k PSI